| 000 | 00550nam a2200193Ia 4500 | ||
|---|---|---|---|
| 008 | 151121s9999||||xx |||||||||||||| ||und|| | ||
| 082 | _aबा वि | ||
| 082 | _bHNW-113418 | ||
| 100 | _aग्रेस्ट्रोक | ||
| 245 | _aतीन फुकट | ||
| 260 | _b"प्रथम,चेन्नई" | ||
| 260 | _c2011 | ||
| 300 | _a15 | ||
| 600 | _aग्रेस्ट्रोक | ||
| 630 | _aतीन फुकट | ||
| 700 | _aग्रेस्ट्रोक | ||
| 730 | _aतीन फुकट | ||
| 942 | _cBOOK | ||
| 999 |
_c1262543 _d1262540 |
||